Anna carennina : Tiểu thuyết

Đã lưu trong:
Sonraí Bibleagrafaíochta
Príomhúdar: Tolxtoi, Lev
Formáid: Leabhar
Teanga:Undetermined
Foilsithe: Hà Nội Văn hóa Thông tin 2004
Ábhair:
Clibeanna: Cuir Clib Leis
Gan Chlibeanna, Bí ar an gcéad duine leis an taifead seo a chlibeáil!
Thư viện lưu trữ: Trung tâm Học liệu Trường Đại học Cần Thơ
LEADER 00558nam a2200205Ia 4500
001 CTU_88142
008 210402s9999 xx 000 0 und d
020 |c 120000 
082 |a 843 
082 |b T654 
100 |a Tolxtoi, Lev 
245 0 |a Anna carennina : 
245 0 |b Tiểu thuyết 
245 0 |c Lev Tolxtoi; Nhị Ca, Dương Tường dịch 
260 |a Hà Nội 
260 |b Văn hóa Thông tin 
260 |c 2004 
650 |a French fiction 
904 |i M.Loan 
980 |a Trung tâm Học liệu Trường Đại học Cần Thơ